书目信息 |
| 题名: |
传媒发展方略
|
|
| 作者: | ;新华社新闻研究所 编 | |
| 分册: | ||
| 出版信息: | 北京 新华出版社 2002.12 |
|
| 页数: | 393页 | |
| 开本: | 19cm | |
| 丛书名: | ||
| 单 册: | ||
| 中图分类: | G219.2-53 | |
| 科图分类: | ||
| 主题词: | 新闻学 , 新闻工作 | |
| 电子资源: | ||
| ISBN: | 7-5011-6004-X | |
| 000 | 00813nam0 2200229 450 | |
| 001 | 0755387898 | |
| 005 | 20071215152450.00 | |
| 010 | @a7-5011-6004-X@dCNY28.00 | |
| 100 | @a20071215d2002 km y0chiy0120 ea | |
| 101 | 0 | @achi |
| 102 | @aCN@b110000 | |
| 200 | 1 | @a传媒发展方略@Achuan mei fa zhan fang lue@e2001年新华社新闻学术年会论文选@f新华社新闻研究所编@Fxin hua she xin wen yan jiu suo bian |
| 210 | @a北京@c新华出版社@d2002.12 | |
| 215 | @a393页@d19cm | |
| 517 | 1 | @a2001年新华社新闻学术年会论文选@A2001 nian xin hua she xin wen xue shu nian hui lun wen xuan |
| 606 | 0 | @a新闻学 |
| 606 | 0 | @a新闻工作 |
| 690 | @aG219.2-53@v4 | |
| 711 | 02 | @a新华社新闻研究所@Axin hua she xin wen yan jiu suo@4编 |
| 801 | 0 | @aCN@b大连网信软件有限公司图书馆@c20071215 |
| 905 | @aBZT@dG219.2-53@e1 | |
| 906 | @dCNY28.00@n0@r1 | |
| 传媒发展方略:2001年新华社新闻学术年会论文选/新华社新闻研究所编.-北京:新华出版社,2002.12 |
| 393页;19cm |
| ISBN 7-5011-6004-X:CNY28.00 |
| ● |
| 相关链接 |
|
|
|
正题名:传媒发展方略
索取号:G219.2-53/1
 
预约/预借
| 序号 | 登录号 | 条形码 | 馆藏地/架位号 | 状态 | 备注 |
| 1 | 599259 | 2000599259 | 中心书库北库/ 北库033架A面5列1层28/ [索取号:G219.2-53/1] | 在馆 | |
| 2 | 599260 | 2000599260 | 中心书库北库/ 北库033架A面5列1层32/ [索取号:G219.2-53/1] | 在馆 | |
| 3 | 599261 | 2000599261 | 中心书库北库/ 北库033架A面5列1层31/ [索取号:G219.2-53/1] | 在馆 | |
| 4 | 599262 | 2000599262 | 中心书库北库/ 北库033架A面5列1层30/ [索取号:G219.2-53/1] | 在馆 | |
| 5 | 599263 | 2000599263 | 中心书库北库/ 北库033架A面5列1层29/ [索取号:G219.2-53/1] | 在馆 |